| 000 | 00755cab a2200241 4500 | ||
|---|---|---|---|
| 001 | ABS57463 | ||
| 008 | 090401t1997 xxu||||| |||| 00| 0 eng d | ||
| 035 | _a(Sirsi) u80232 | ||
| 041 | _aeng | ||
| 100 | _aBritton, D | ||
| 245 | _aEnvironmental legislation - the way ahead | ||
| 260 | _c1997 | ||
| 350 | _a0 | ||
| 490 |
_aHealth Safety and Environment Bulletin _v(260) August 1997, 15-16(2) |
||
| 520 | _aLooks at future trends in environmental legislation and the need for business to take part in the policy making process. | ||
| 650 | _aENVIRONMENT AGENCY | ||
| 650 | _aEU LEGISLATION | ||
| 650 |
_aHEALTH AND SAFETY _96244 |
||
| 650 | _aREGULATIONS | ||
| 690 | _aENVIRONMENTAL AND LAND CONSULTANCY | ||
| 942 | _n0 | ||
| 948 | _c13/08/1997 | ||
| 999 |
_c50503 _d50503 |
||